000 00368nam a2200133Ia 4500
008 220120s9999||||xx |||||||||||||| ||und||
020 _a9780070634145
082 _a670
100 _aPraveen, Ke oor and Ramesh, M R
245 0 _aManufacturing process II
260 _aSuggi publication
_bNew Delhi
_c2013
300 _aXXXIV, 1134p.
_b599
650 _aCOMPUTER SCIENCE
999 _c133038
_d133038